[Event "Titled Tue 24th Jun Late"]
[Site "chess.com INT"]
[Date "2025.06.24"]
[Round "11"]
[White "Palczert, Matyas"]
[Black "Pakleza, Zbigniew"]
[Result "0-1"]
[WhiteTitle "FM"]
[BlackTitle "GM"]
[WhiteElo "2396"]
[BlackElo "2484"]
[WhiteFideId "784958"]
[BlackFideId "1119290"]
[EventDate "2025.06.24"]

1. b3 d5 2. Bb2 Nf6 3. Nf3 Bf5 4. d3 e6 5. Nbd2 h6 6. g3 Be7 7. Bg2 O-O 8. O-O
c6 9. Re1 Bh7 10. e4 a5 11. a4 Na6 12. Qe2 Qb6 13. Ne5 Rfd8 14. Rad1 Bc5 15. Rf1
Bd4 16. Bxd4 Qxd4 17. Nef3 Qc3 18. e5 Nd7 19. Nb1 Qc5 20. Nh4 Nb4 21. c3 Na6 22.
d4 Qb6 23. f4 Qxb3 24. f5 Nc7 25. Qh5 Rf8 26. f6 Ne8 27. Bh3 c5 28. Qg4 cxd4 29.
cxd4 Qe3+ 30. Rf2 Rc8 31. Ng2 Qg5 32. fxg7 Nxg7 33. Qf3 Be4 34. Qb3 Rc1 35. Rdf1
Bxb1 36. Qxb7 Bd3 37. Re1 Be4 38. Nf4 Rxe1+ 0-1

[Event "Titled Tue 24th Jun Late"]
[Site "chess.com INT"]
[Date "2025.06.24"]
[Round "11"]
[White "Aalto, Patrik"]
[Black "Chiu, Isaac"]
[Result "0-1"]
[WhiteTitle "FM"]
[WhiteElo "2316"]
[BlackElo "2226"]
[WhiteFideId "510726"]
[BlackFideId "30900654"]
[EventDate "2025.06.24"]

1. c4 Nf6 2. Nf3 g6 3. g3 Bg7 4. Bg2 O-O 5. d4 d6 6. O-O c5 7. Nc3 Nc6 8. d5 Na5
9. Nd2 e6 10. e4 exd5 11. exd5 a6 12. Re1 Rb8 13. a4 Bf5 14. Ra3 Bd3 15. Bf1
Bxf1 16. Kxf1 Re8 17. Kg2 Qd7 18. Rxe8+ Rxe8 19. Qf3 Ng4 20. Nce4 f5 21. Ng5 Ne5
22. Qf4 b6 23. Ne6 Bf6 24. h4 Nb7 25. Re3 Nd8 26. Ng5 Qxa4 27. h5 Ndf7 28. Ne6
Qd7 29. hxg6 hxg6 30. Nf3 Ng4 31. Re1 b5 32. Rh1 bxc4 33. Nh4 Qb7 34. Nxg6 Qxd5+
35. f3 Rxe6 36. Rh8+ Nxh8 37. Nxh8 Re2+ 38. Kh3 Rh2# 0-1

[Event "Titled Tue 24th Jun Late"]
[Site "chess.com INT"]
[Date "2025.06.24"]
[Round "11"]
[White "Alvarado, Carlos"]
[Black "Bustelo, Tabare"]
[Result "1-0"]
[WhiteTitle "CM"]
[BlackTitle "CM"]
[WhiteElo "2032"]
[BlackElo "2043"]
[WhiteFideId "3800555"]
[BlackFideId "3000362"]
[EventDate "2025.06.24"]

1. Nf3 b6 2. e4 Bb7 3. Nc3 h5 4. d4 d6 5. Be3 g6 6. Qd2 Bh6 7. Bxh6 Nxh6 8. Ng5
Nd7 9. Bc4 e6 10. Bxe6 fxe6 11. Nxe6 Qf6 12. Nxc7+ Kf7 13. Nxa8 Bxa8 14. O-O-O
Kg7 15. f3 Rc8 16. h4 a6 17. Kb1 b5 18. a3 Nb6 19. Qg5 Nc4 20. Rd3 Nf7 21. Qxf6+
Kxf6 22. Re1 Ke6 23. f4 Kf6 24. g3 Ke6 25. d5+ Kf6 26. Na2 Re8 27. b3 Nb6 28.
Kb2 Bxd5 29. Nb4 Bb7 30. Rde3 a5 31. Nd3 Re7 32. e5+ dxe5 33. Nxe5 Nxe5 34. Rxe5
Rxe5 35. Rxe5 Bd5 36. Kc3 a4 37. Kb4 axb3 38. cxb3 Be6 39. Rxb5 Nd5+ 40. Kc5 Ne3
41. a4 Nf5 42. a5 Nxg3 43. a6 Bg4 44. Rb6+ Kf5 45. b4 Bf3 46. b5 Ne4+ 47. Kd4
Kxf4 48. Rxg6 Ng3 49. Rf6+ Nf5+ 50. Kc5 Ke5 51. Rxf5+ Kxf5 52. b6 1-0

[Event "Titled Tue 24th Jun Late"]
[Site "chess.com INT"]
[Date "2025.06.24"]
[Round "11"]
[White "Becking, Stephan"]
[Black "Jing, Andrew"]
[Result "0-1"]
[WhiteTitle "IM"]
[BlackTitle "FM"]
[WhiteElo "2410"]
[BlackElo "2292"]
[WhiteFideId "4632478"]
[BlackFideId "30984076"]
[EventDate "2025.06.24"]

1. d4 Nf6 2. Nf3 c5 3. c3 d5 4. e3 Bf5 5. Bd3 Bxd3 6. Qxd3 e6 7. Nbd2 Nc6 8. O-O
cxd4 9. exd4 Bd6 10. Re1 Qc7 11. Nf1 O-O 12. Ng3 Bxg3 13. hxg3 Ne4 14. Bf4 Qb6
15. Re2 f5 16. Rae1 Rae8 17. Bc1 h6 18. Nd2 Nd8 19. Nf1 Qc6 20. f3 Nf6 21. Re3
Nf7 22. Qe2 Nd8 23. Nd2 b5 24. Nb3 Nd7 25. Rd3 Qb6 26. Bf4 e5 27. Be3 f4 28.
dxe5 fxe3 29. f4 Ne6 30. Qxe3 Qxe3+ 31. Rexe3 Nb6 32. Nd4 Nxd4 33. Rxd4 g6 34.
Red3 h5 35. Kf2 Kf7 36. Kf3 Ke6 37. Rd1 a6 38. Rh1 Nc4 39. b3 Nxe5+ 40. Ke2 Nc6
41. Rd3 Kd6+ 42. Kf2 Rf5 43. Rhd1 Re4 44. Kf3 g5 45. Kf2 gxf4 46. gxf4 Rexf4+
47. Kg1 Rg4 48. R1d2 Rfg5 49. Kh2 h4 50. Re2 Rg3 51. Rdd2 Ne5 52. Re4 Ng4+ 53.
Kg1 h3 54. Red4 Rxg2+ 55. Rxg2 hxg2 56. Kxg2 Ne3+ 57. Kf3 Nc2 58. Rd2 Na3 59.
Ke3 Re5+ 60. Kd3 Rh5 61. Rg2 Rh3+ 62. Kd4 Rh4+ 63. Kd3 Kc5 64. Rg6 Rh3+ 65. Kd2
Nb1+ 66. Kc2 Nxc3 67. a3 a5 68. Rg8 b4 69. Rc8+ Kd4 70. axb4 axb4 71. Rg8 Rh2+
72. Kc1 Ne4 73. Rc8 Kd3 74. Rb8 Kc3 75. Rd8 Rh1# 0-1

[Event "Titled Tue 24th Jun Late"]
[Site "chess.com INT"]
[Date "2025.06.24"]
[Round "11"]
[White "Bazan Romero, Octavio Aaron"]
[Black "Reshetnikov, Alexey"]
[Result "0-1"]
[WhiteTitle "FM"]
[BlackTitle "IM"]
[WhiteElo "2289"]
[BlackElo "2492"]
[WhiteFideId "20003943"]
[BlackFideId "4162080"]
[EventDate "2025.06.24"]

1. e4 c5 2. Nf3 Nc6 3. c3 e6 4. d4 d5 5. exd5 Qxd5 6. Be3 cxd4 7. cxd4 Nf6 8.
Nc3 Qd6 9. Bb5 Be7 10. Ne5 O-O 11. Bxc6 bxc6 12. O-O c5 13. Nc4 Qa6 14. Qa4 cxd4
15. Bxd4 Nd5 16. Qxa6 Bxa6 17. b3 Nxc3 18. Bxc3 Rfc8 19. Rac1 Bxc4 20. bxc4 Rxc4
21. Bd2 Rac8 22. Rxc4 Rxc4 23. Rb1 f6 24. Be3 a5 25. g3 Bb4 26. Rb3 Rc3 27. Rxc3
Bxc3 28. Kf1 Kf7 29. Ke2 Ke7 30. Kd3 Be1 31. Kc4 Kd6 32. Kb5 Kd5 33. f3 e5 34.
a4 f5 35. Bb6 e4 36. fxe4+ fxe4 37. Be3 h5 38. Kb6 Kc4 39. Kc6 Kd3 40. Bb6 e3 0-1

[Event "Titled Tue 24th Jun Late"]
[Site "chess.com INT"]
[Date "2025.06.24"]
[Round "11"]
[White "Bonin, Jay"]
[Black "Shapiro, Daniel"]
[Result "1/2-1/2"]
[WhiteTitle "IM"]
[BlackTitle "FM"]
[WhiteElo "2102"]
[BlackElo "2284"]
[WhiteFideId "2000644"]
[BlackFideId "2001780"]
[EventDate "2025.06.24"]

1. d4 Nf6 2. c3 d5 3. Bg5 Nbd7 4. Nf3 g6 5. Nbd2 Bg7 6. Qc2 O-O 7. e4 dxe4 8.
Nxe4 b6 9. Bd3 Bb7 10. O-O-O Qc8 11. Rhe1 c5 12. dxc5 Nxc5 13. Nxc5 Qxc5 14.
Bxf6 Bxf6 15. Be4 Bxe4 16. Rxe4 Rac8 17. Rde1 Qa5 18. Kb1 Rfd8 19. Ne5 Qd5 20.
Qb3 Bxe5 21. Qxd5 Rxd5 22. Rxe5 Rxe5 23. Rxe5 e6 24. Kc2 Kg7 25. Re3 Kf6 26. Rd3
Ke7 27. g4 e5 28. g5 Ke6 29. Rh3 Rc4 30. Kd3 Rg4 31. Rxh7 Rxg5 32. h4 Rg1 33. h5
gxh5 34. Rxh5 f5 35. c4 Rd1+ 36. Kc3 Rf1 37. Rh2 e4 38. b4 Ke5 39. a4 Kf4 40. c5
bxc5 41. bxc5 Kf3 42. Kc2 Rxf2+ 43. Rxf2+ Kxf2 44. c6 e3 45. c7 e2 46. c8=Q e1=Q
47. Qxf5+ Kg2 48. Qg4+ Kh2 49. Qf4+ Kg2 50. Qd2+ Qxd2+ 51. Kxd2 Kf3 52. Kd3 a5
53. Kc4 Ke4 54. Kb5 Kd5 55. Kxa5 Kc5 56. Ka6 Kc6 57. a5 Kc7 58. Kb5 Kb7 59. a6+
Ka7 60. Ka5 Kb8 61. Kb6 Ka8 62. a7 1/2-1/2

[Event "Titled Tue 24th Jun Late"]
[Site "chess.com INT"]
[Date "2025.06.24"]
[Round "11"]
[White "Craciun, Sasha-Matei"]
[Black "Sheehan, Ethan"]
[Result "0-1"]
[WhiteTitle "FM"]
[WhiteElo "2320"]
[BlackElo "2364"]
[WhiteFideId "1281186"]
[BlackFideId "30943965"]
[EventDate "2025.06.24"]

1. e4 e5 2. Nf3 Nc6 3. Bb5 a6 4. Ba4 d6 5. c3 Bd7 6. O-O g6 7. d4 Bg7 8. Re1 Nf6
9. h3 O-O 10. Nbd2 b5 11. Bc2 Re8 12. Nf1 Na5 13. Ng3 c5 14. d5 Nc4 15. b3 Nb6
16. Bg5 a5 17. Qd2 a4 18. Bh6 Ra7 19. Bxg7 Kxg7 20. Nh2 Qe7 21. f4 exf4 22. Qxf4
Qe5 23. Qxe5 dxe5 24. Nf3 Re7 25. Nf1 Ne8 26. N1d2 f6 27. Bd3 Nd6 28. b4 cxb4
29. cxb4 Rc7 30. Rac1 Be8 31. Rc5 Nb7 32. Rcc1 Na8 33. Nb1 Rxc1 34. Rxc1 Rc7 35.
Rxc7+ Nxc7 36. Nc3 Kf7 37. Nd2 Ke7 38. Kf2 Nd6 39. Ke3 a3 40. Ndb1 Na6 41. Nxa3
Nxb4 42. Bxb5 Nxa2 43. Bxe8 Nxc3 44. Bc6 Ncxe4 45. Nb1 f5 46. Na3 f4+ 47. Kf3
Nf6 48. Nc2 g5 49. Nb4 e4+ 50. Kf2 Nf5 51. Bb7 Kd6 52. Nc2 Nxd5 53. Bc8 Ke5 54.
Bxf5 Kxf5 55. Nd4+ Ke5 56. Nc6+ Kf6 57. Nd4 Nc3 58. Nc6 Nd1+ 59. Ke2 Ne3 60. Kf2
Nf5 61. Nb4 Nd4 62. Nd5+ Ke5 63. Nc3 e3+ 64. Kf1 h5 65. Na4 g4 66. Nc5 f3 67.
hxg4 hxg4 68. gxf3 gxf3 69. Nd3+ Ke4 70. Nc5+ Kf4 71. Nd3+ Kg3 72. Nb4 f2 0-1

[Event "Titled Tue 24th Jun Late"]
[Site "chess.com INT"]
[Date "2025.06.24"]
[Round "11"]
[White "Ambartsumova, Karina"]
[Black "Przybylski, Wojciech"]
[Result "1-0"]
[WhiteTitle "IM"]
[BlackTitle "FM"]
[WhiteElo "2403"]
[BlackElo "2340"]
[WhiteFideId "4166299"]
[BlackFideId "1117599"]
[EventDate "2025.06.24"]

1. c4 e5 2. Nc3 Nf6 3. Nf3 Nc6 4. a3 Be7 5. d4 exd4 6. Nxd4 Nxd4 7. Qxd4 O-O 8.
g3 Re8 9. Bg2 d6 10. O-O a6 11. Rd1 h6 12. b3 Ng4 13. Bb2 Bf6 14. Qd2 h5 15. h3
Nh6 16. Nd5 Bxb2 17. Qxb2 h4 18. g4 c6 19. Nf4 Qg5 20. e3 Qe5 21. Qd2 Rd8 22.
Ra2 Be6 23. Qd4 Qg5 24. Rad2 Rd7 25. Qe4 Re8 26. Rxd6 Rxd6 27. Rxd6 Qc5 28. Qd4
Qxa3 29. Nh5 f6 30. Be4 Nf7 31. Rxe6 Rxe6 32. Bf5 Re7 33. Nf4 Qd6 34. Qc3 Ne5
35. Kg2 Qd1 36. e4 Qd6 37. c5 Qd1 38. Ne6 1-0

[Event "Titled Tue 24th Jun Late"]
[Site "chess.com INT"]
[Date "2025.06.24"]
[Round "11"]
[White "Salonen, Aku"]
[Black "Pavlidou, Ekaterini"]
[Result "1/2-1/2"]
[WhiteTitle "FM"]
[BlackTitle "WIM"]
[WhiteElo "2330"]
[BlackElo "2198"]
[WhiteFideId "517577"]
[BlackFideId "4213262"]
[EventDate "2025.06.24"]

1. e4 c5 2. Nf3 Nc6 3. Bc4 e6 4. O-O d5 5. Bb5 Bd7 6. exd5 exd5 7. Re1+ Be7 8.
d4 Nf6 9. Nc3 O-O 10. Bg5 h6 11. Bxf6 Bxf6 12. Nxd5 Bxd4 13. c3 a6 14. Bxc6 bxc6
15. Ne7+ Kh8 16. cxd4 Re8 17. dxc5 Rxe7 18. Qd6 Rxe1+ 19. Rxe1 Qc8 20. Re7 Be6
21. Ne5 Bxa2 22. Nxc6 Qf5 23. h3 Qb1+ 24. Kh2 Qxb2 25. Nd4 Qxf2 26. c6 Be6 27.
c7 Rc8 28. Nxe6 fxe6 29. Qd8+ Kh7 30. Qxc8 Qf4+ 31. Kg1 Qe3+ 32. Kf1 Qd3+ 33.
Kf2 Qd2+ 34. Kf3 Qd3+ 35. Kf4 Qd4+ 36. Kf3 Qd3+ 37. Kf2 Qd2+ 38. Kg1 Qe1+ 39.
Kh2 Qe5+ 40. Kh1 Qe1+ 41. Kh2 Qe5+ 42. g3 Qe2+ 43. Kg1 Qe1+ 44. Kg2 Qe2+ 1/2-1/2

[Event "Titled Tue 24th Jun Late"]
[Site "chess.com INT"]
[Date "2025.06.24"]
[Round "11"]
[White "Tari, Aryan"]
[Black "Wagner, Dennis"]
[Result "1-0"]
[WhiteTitle "GM"]
[BlackTitle "GM"]
[WhiteElo "2636"]
[BlackElo "2619"]
[WhiteFideId "1510045"]
[BlackFideId "24650684"]
[EventDate "2025.06.24"]

1. e4 c6 2. d4 d5 3. e5 Bf5 4. g4 Bg6 5. e6 fxe6 6. Bd3 Bxd3 7. Qxd3 Qd6 8. f4
g6 9. Nf3 Bg7 10. g5 Nd7 11. Nc3 O-O-O 12. Be3 Rf8 13. Ne5 Bxe5 14. dxe5 Qb4 15.
a3 Qc4 16. Qxc4 dxc4 17. Ke2 h6 18. h4 Rf7 19. Rad1 hxg5 20. hxg5 Rfh7 21. Rxh7
Rxh7 22. Kf3 b6 23. Kg2 c5 24. a4 a6 25. Ne4 Kc7 26. a5 bxa5 27. Nxc5 Nxc5 28.
Bxc5 Rf7 29. Be3 Rh7 30. Rd4 Kc6 31. Rxc4+ Kb7 32. Rd4 Kc7 33. Ra4 Kb7 34. Rxa5
Rh4 35. Ra1 Rh7 36. b4 Rf7 37. Rd1 Rf8 38. c4 Kc7 39. b5 axb5 40. cxb5 Ra8 41.
b6+ Kc6 42. Rc1+ Kd5 43. Kf3 Rb8 44. Rc5# 1-0

[Event "Titled Tue 24th Jun Late"]
[Site "chess.com INT"]
[Date "2025.06.24"]
[Round "11"]
[White "Kucza, Karol"]
[Black "Mei, Austin"]
[Result "1-0"]
[WhiteTitle "FM"]
[BlackTitle "FM"]
[WhiteElo "2316"]
[BlackElo "2280"]
[WhiteFideId "1159755"]
[BlackFideId "30948479"]
[EventDate "2025.06.24"]

1. e4 e5 2. Nf3 Nc6 3. Bb5 a6 4. Ba4 Nf6 5. O-O Nxe4 6. Re1 Nc5 7. Nxe5 Nxe5 8.
Rxe5+ Be7 9. Nc3 O-O 10. Bb3 Nxb3 11. axb3 d6 12. Re1 d5 13. d3 d4 14. Ne4 f5
15. Nd2 c5 16. Qf3 Qc7 17. Nc4 Bf6 18. Bf4 Qd8 19. Bd6 Re8 20. Bxc5 Be6 21. Qxb7
Rb8 22. Qxa6 Bd5 23. Qd6 Qxd6 24. Bxd6 Rbc8 25. f3 h5 26. Kf2 Bh4+ 27. g3 Bg5
28. f4 Bf6 29. Be5 Be7 30. Bxd4 h4 31. Re5 hxg3+ 32. hxg3 Rcd8 33. Rae1 Kf7 34.
Rxf5+ Kg6 35. Rfe5 Kf7 36. Bb6 Rh8 37. Rxe7+ Kf6 38. Bxd8 Rh2+ 39. Ke3 Rxc2 40.
Rd7+ Ke6 41. Rd6+ Kf5 42. Rxd5+ Kg4 43. Rg5+ Kh3 44. Rg6 Kg2 45. Kd4 Rf2 46. Re4
Rf1 47. Rxg7 Rb1 48. g4 Ra1 49. f5 Ra8 50. f6 Rxd8+ 51. Kc3 Rf8 52. g5 Kf3 53.
Ree7 Kf4 54. f7 Kf5 55. Rg8 Rxf7 56. Rxf7+ Ke6 57. g6 Kd5 58. Rd8+ Kc6 59. Rf6+
Kb5 60. Rd5# 1-0

[Event "Titled Tue 24th Jun Late"]
[Site "chess.com INT"]
[Date "2025.06.24"]
[Round "11"]
[White "Jagirapu, Harshin Reddy"]
[Black "Povshednyi, Ivan"]
[Result "0-1"]
[BlackTitle "FM"]
[WhiteElo "2042"]
[BlackElo "2309"]
[WhiteFideId "39910679"]
[BlackFideId "14190907"]
[EventDate "2025.06.24"]

1. d4 Nf6 2. Nf3 e6 3. e3 c5 4. c3 b6 5. Nbd2 cxd4 6. cxd4 d5 7. Ne5 Be7 8. Bb5+
Nfd7 9. O-O O-O 10. f4 Nxe5 11. fxe5 Ba6 12. Bxa6 Nxa6 13. a3 Rc8 14. Qa4 Nc7
15. Nf3 a5 16. Bd2 Qe8 17. Qxe8 Rfxe8 18. Rac1 Na6 19. Kf2 Red8 20. Rfd1 Kf8 21.
Ne1 Nb8 22. Nd3 Nc6 23. Ke2 Ke8 24. Rc3 Kd7 25. Rdc1 f6 26. exf6 Bxf6 27. Nf4
Ne7 28. Rxc8 Rxc8 29. Rxc8 Nxc8 30. Be1 Nd6 31. Nd3 Ne4 32. Bg3 Kc6 33. Be5 Kb5
34. Bxf6 gxf6 35. Nf4 Kc4 36. Nxe6 Kb3 37. Nc7 Kxb2 38. a4 Kb3 39. Nxd5 Kxa4 40.
Nxb6+ Kb3 41. Kd3 f5 42. g4 Nf2+ 43. Kd2 Nxg4 44. d5 Ne5 45. d6 a4 46. Kc1 a3
47. Kb1 Nc6 48. d7 a2+ 49. Ka1 Nb4 0-1

[Event "Titled Tue 24th Jun Late"]
[Site "chess.com INT"]
[Date "2025.06.24"]
[Round "11"]
[White "Smirnov, Alexandr A."]
[Black "Klys, Kacper"]
[Result "1-0"]
[WhiteTitle "FM"]
[BlackTitle "CM"]
[WhiteElo "2136"]
[BlackElo "2218"]
[WhiteFideId "24104396"]
[BlackFideId "21005281"]
[EventDate "2025.06.24"]

1. e4 e5 2. Nf3 Nc6 3. Bc4 Nf6 4. O-O Nxe4 5. d4 d5 6. Bb5 exd4 7. Nxd4 Bd7 8.
Nc3 Nxc3 9. bxc3 Be7 10. Re1 O-O 11. Bd3 Bf6 12. Rb1 Rb8 13. Qf3 Nxd4 14. cxd4
Bxd4 15. Bxh7+ Kxh7 16. Qd3+ Kg8 17. Qxd4 Be6 18. Bb2 Qg5 19. Re3 c5 20. Qxc5
Rbc8 21. Qxa7 Rxc2 22. Qd4 Rfc8 23. h4 Qg4 24. Qxg4 Bxg4 25. Rg3 Bf5 26. Bxg7
Rc1+ 27. Rxc1 Rxc1+ 28. Kh2 Kh7 29. Be5 Bg6 30. f4 Rc2 31. a3 Rd2 32. f5 Bxf5
33. Rg7+ Kh6 34. Rxf7 Be4 35. Rxb7 Rxg2+ 36. Kh3 Ra2 37. Ra7 Bf5+ 38. Kg3 Bc2
39. Kg4 Bg6 40. Ra6 Kh7 41. h5 Bd3 42. Ra7+ Kg8 43. Kg5 Rg2+ 44. Kf6 Be2 45. h6
Rh2 46. Bxh2 1-0

[Event "Titled Tue 24th Jun Late"]
[Site "chess.com INT"]
[Date "2025.06.24"]
[Round "11"]
[White "Vlassov, Nikolai"]
[Black "Williams, Justus"]
[Result "1-0"]
[WhiteTitle "IM"]
[BlackTitle "IM"]
[WhiteElo "2291"]
[BlackElo "2355"]
[WhiteFideId "4103360"]
[BlackFideId "2049929"]
[EventDate "2025.06.24"]

1. e4 e6 2. d4 d5 3. exd5 exd5 4. Nf3 c5 5. c4 Nf6 6. Nc3 cxd4 7. Nxd4 dxc4 8.
Bxc4 Be7 9. O-O O-O 10. Bg5 Nc6 11. Nxc6 bxc6 12. Qf3 h6 13. Bh4 Rb8 14. Rad1
Qa5 15. Rfe1 Bg4 16. Qg3 Bxd1 17. Rxe7 Nh5 18. Rxf7 Nxg3 19. Rxa7+ Qd5 20. Nxd5
cxd5 21. Bxd5+ Kh8 22. Bxg3 Rbd8 23. Bc4 Rd4 24. b3 h5 25. h3 Re8 26. f3 Bc2 27.
Ra5 Bg6 28. Rg5 Kh7 29. Be5 Rd1+ 30. Kh2 Rd2 31. a4 Ra8 32. h4 Ra5 33. Bc3 Rxg5
34. Bxd2 Rc5 35. a5 Be8 36. a6 Bc6 37. a7 Re5 38. Bc3 Re3 39. Bd4 Re1 40. Kg3
Kg6 41. Bc5 Kf5 42. Bd3+ Kf6 43. Bd4+ Kf7 44. Be4 1-0

[Event "Titled Tue 24th Jun Late"]
[Site "chess.com INT"]
[Date "2025.06.24"]
[Round "11"]
[White "Kawka, Milena"]
[Black "Cardozo Munar, Carlos Eduardo"]
[Result "0-1"]
[WhiteTitle "WCM"]
[BlackTitle "FM"]
[WhiteElo "2003"]
[BlackElo "2052"]
[WhiteFideId "21095167"]
[BlackFideId "4409477"]
[EventDate "2025.06.24"]

1. e4 e6 2. d4 d5 3. Bd3 dxe4 4. Bxe4 Nf6 5. Bf3 c5 6. Ne2 Nbd7 7. Be3 Qb6 8.
Nbc3 Qxb2 9. Rb1 Qa3 10. d5 Ne5 11. Rb3 Nxf3+ 12. gxf3 Qa5 13. Rb5 Qd8 14. Bxc5
Bxc5 15. Rxc5 b6 16. Rc4 exd5 17. Rd4 Be6 18. Nf4 O-O 19. O-O Rc8 20. Qd2 Qc7
21. Rd3 d4 22. Nb5 Qxc2 23. Qxc2 Rxc2 24. Nxa7 Bc4 25. Rxd4 Bxf1 26. Kxf1 Rxa2
27. Nc6 g6 28. Rd6 Kg7 29. Ne5 Rb2 30. Rc6 Ra8 31. Rc7 Rf8 32. Ne6+ Kh6 33. Nxf8
Nh5 34. Nxf7+ Kg7 35. Ne6+ Kf6 36. Nd4 Nf4 37. Rc1 Kxf7 38. Nc6 Rxf2+ 39. Kg1
Rg2+ 40. Kh1 Rb2 41. Ne5+ Kf6 42. Nd7+ Ke7 43. Ne5 Nh3 0-1

[Event "Titled Tue 24th Jun Late"]
[Site "chess.com INT"]
[Date "2025.06.24"]
[Round "11"]
[White "Golis, Wiktor"]
[Black "Moeller, Maurin"]
[Result "1-0"]
[WhiteTitle "FM"]
[BlackTitle "FM"]
[WhiteElo "2307"]
[BlackElo "2336"]
[WhiteFideId "21055874"]
[BlackFideId "16265696"]
[EventDate "2025.06.24"]

1. Nf3 Nf6 2. c4 g6 3. d4 Bg7 4. g3 O-O 5. Bg2 d5 6. cxd5 Nxd5 7. O-O c5 8. dxc5
Na6 9. e4 Nf6 10. Qc2 Nb4 11. Qc4 a5 12. Nc3 Be6 13. Qe2 Qd3 14. Qxd3 Nxd3 15.
Rd1 Nxc5 16. Nd4 Rfd8 17. Be3 Bg4 18. f3 Bd7 19. Rac1 Rac8 20. e5 Ne8 21. f4 Bg4
22. Nd5 Bf8 23. Rd2 e6 24. Nb6 Rb8 25. h3 Bf5 26. Nxf5 Rxd2 27. Bxd2 gxf5 28.
Bxa5 Nd3 29. Rc8 Bc5+ 30. Kh2 Rxc8 31. Nxc8 b5 32. Bc6 Kf8 33. Bxb5 Nxb2 34. a4
Nd1 35. Bb6 Bxb6 36. Nxb6 Nc7 37. Nd7+ Ke7 38. Nf6 Nc3 39. Bc6 Na6 40. a5 Nb4
41. Bb7 Nb5 42. a6 Na7 43. Nxh7 Nd3 44. Nf6 Nc5 45. h4 Kd8 46. h5 Ke7 47. Kh3
Kf8 48. Kh4 Kg7 49. Kg5 Nb3 50. h6+ Kh8 51. Ne8 Kg8 52. Nd6 Nc5 53. Kf6 Nd7+ 54.
Ke7 Nf8 55. Nxf7 1-0

[Event "Titled Tue 24th Jun Late"]
[Site "chess.com INT"]
[Date "2025.06.24"]
[Round "11"]
[White "Omariev, Maksim"]
[Black "Zhu, Linxi"]
[Result "1-0"]
[WhiteTitle "FM"]
[BlackTitle "FM"]
[WhiteElo "2304"]
[BlackElo "2312"]
[WhiteFideId "4193423"]
[BlackFideId "39900428"]
[EventDate "2025.06.24"]

1. d4 Nf6 2. Bf4 e6 3. e3 c5 4. c3 Nc6 5. Nd2 h6 6. h3 Be7 7. Bd3 b6 8. Ngf3 Bb7
9. Qe2 d5 10. O-O O-O 11. Bh2 Bd6 12. Ne5 Qc7 13. f4 Ne7 14. g3 Ne4 15. g4 f6
16. Nef3 g5 17. fxg5 hxg5 18. Bxd6 Qxd6 19. Qh2 Qxh2+ 20. Kxh2 Ng6 21. Bc2 Kg7
22. Rad1 Rad8 23. Bb3 Ba6 24. Rg1 Nf2 25. Ra1 Rh8 26. Kg3 Nd3 27. Rab1 Rh6 28.
Rh1 Rdh8 29. Bc2 e5 30. dxe5 Ngxe5 31. Nxe5 fxe5 32. Bxd3 Bxd3 33. Rbe1 Rf6 34.
Nf3 e4 35. Ne5 Rhf8 36. h4 gxh4+ 37. Kxh4 Rf2 38. Kg5 Rxb2 39. Rh6 Rf6 40. Rxf6
Rxa2 41. Rg6+ Kh7 42. Rh1+ Rh2 43. Rxh2# 1-0

[Event "Titled Tue 24th Jun Late"]
[Site "chess.com INT"]
[Date "2025.06.24"]
[Round "11"]
[White "Haug, Havard"]
[Black "Manukyan, Sargis A."]
[Result "1-0"]
[WhiteTitle "FM"]
[BlackTitle "FM"]
[WhiteElo "2354"]
[BlackElo "2294"]
[WhiteFideId "1547887"]
[BlackFideId "13303970"]
[EventDate "2025.06.24"]

1. e4 c5 2. Nf3 d6 3. d4 cxd4 4. Nxd4 Nf6 5. Nc3 g6 6. Be3 Bg7 7. f3 O-O 8. Qd2
Nc6 9. O-O-O d5 10. Qe1 e5 11. Nxc6 bxc6 12. exd5 Nxd5 13. Bc5 Re8 14. Ne4 Be6
15. Bc4 Qc7 16. h4 h6 17. h5 g5 18. g4 Red8 19. Kb1 Rab8 20. Ka1 Nf4 21. Qc3 Bd5
22. Ng3 Bxc4 23. Qxc4 e4 24. Bd4 Rxd4 25. Rxd4 Qb6 26. Rd8+ Rxd8 27. c3 exf3 28.
Nf5 Qb5 29. Qe4 Qd5 30. Ne7+ Kf8 31. Nxd5 cxd5 32. Qxf3 d4 33. cxd4 Bxd4 34. Rd1
Ne6 35. Kb1 Rb8 36. b3 Bg7 37. Rd7 Nf4 38. Qe4 Re8 39. Qf5 Re1+ 40. Kc2 Re7 41.
Rxe7 Kxe7 42. Qc5+ Ke8 43. Qxa7 Be5 44. Qa8+ Ke7 45. a4 Ne6 46. a5 Nd4+ 47. Kd3
Ne6 48. a6 Bd4 49. Qb7+ Kf6 50. Kc4 Bf2 51. Qf3+ Ke5 52. Qxf2 f5 53. Qxf5+ Kd6
54. Qxe6+ Kc7 55. a7 Kb7 56. Qxh6 Ka8 57. Qg6 Kb7 58. Kc3 Ka8 59. Kc2 Kb7 60.
a8=Q+ Kc7 61. Qb7+ Kd8 62. Qd7+ Kxd7 63. Kd3 Ke7 64. Ke4 Kf8 65. Ke3 Ke7 66. Ke2
Kf8 67. Ke1 Ke7 68. Kd1 Kf8 69. Kc1 Ke7 70. Kb1 Kf8 71. Ka1 Ke7 72. Ka2 Kf8 73.
Ka3 Ke7 74. Ka4 Kf8 75. Ka5 Ke7 76. Kb5 Kf8 77. Kc5 Ke7 78. Kd5 Kf8 79. Ke5 Ke7
80. Kf5 Kf8 81. Kxg5 Ke7 82. h6 Kf8 83. Kf4 Ke7 84. Kf3 1-0

[Event "Titled Tue 24th Jun Late"]
[Site "chess.com INT"]
[Date "2025.06.24"]
[Round "11"]
[White "Gorbenko, Rustem"]
[Black "Marin Ferragut, Pau"]
[Result "0-1"]
[WhiteTitle "CM"]
[BlackTitle "FM"]
[WhiteElo "2201"]
[BlackElo "2380"]
[WhiteFideId "14111438"]
[BlackFideId "54716020"]
[EventDate "2025.06.24"]

1. d4 d6 2. e4 g6 3. Nc3 Bg7 4. Be3 a6 5. Qd2 b5 6. f3 Bb7 7. O-O-O Nd7 8. h4 h5
9. Nh3 Rc8 10. Kb1 c5 11. Ng5 cxd4 12. Bxd4 Ngf6 13. Bd3 O-O 14. g4 Ne5 15. Bxe5
dxe5 16. gxh5 Nxh5 17. Rdg1 Qb6 18. Ne2 Rfd8 19. Ng3 Nf4 20. h5 f6 21. h6 fxg5
22. hxg7 Kxg7 23. Ne2 Ne6 24. Rxg5 Nxg5 25. Qxg5 Rh8 26. Rg1 Qf6 27. Qg4 Rh4 28.
Qg2 Rch8 29. Ng3 Kf7 30. a4 Bc6 31. Qf2 Bd7 32. axb5 axb5 33. Qc5 Qd6 34. Qc3 b4
35. Qb3+ Be6 36. Bc4 Rb8 37. Ne2 Rh2 38. f4 Bxc4 39. Qxc4+ Qe6 40. Qd3 Rh3 41.
Qd2 Ra8 42. b3 Qa6 0-1

[Event "Titled Tue 24th Jun Late"]
[Site "chess.com INT"]
[Date "2025.06.24"]
[Round "11"]
[White "Borges, Wagner da Silva"]
[Black "Yevchenko, Oleksandr"]
[Result "1-0"]
[WhiteTitle "CM"]
[BlackTitle "CM"]
[WhiteElo "2062"]
[BlackElo "2276"]
[WhiteFideId "2100401"]
[BlackFideId "14108267"]
[EventDate "2025.06.24"]

1. Nf3 d5 2. g3 Nf6 3. Bg2 c5 4. d4 e6 5. O-O Nc6 6. c4 dxc4 7. Qa4 Bd7 8. Qxc4
b5 9. Qc2 cxd4 10. Rd1 Rc8 11. Qb3 Qb6 12. a4 b4 13. Nbd2 Na5 14. Qd3 Bc5 15. b3
O-O 16. Bb2 Rfd8 17. Bxd4 Bxd4 18. Qxd4 Qxd4 19. Nxd4 Rc3 20. e3 Rdc8 21. Nb5
Rc2 22. Nxa7 Rb8 23. Nb5 h6 24. Nd4 Rc3 25. Nb1 Rcc8 26. Nd2 e5 27. N4f3 e4 28.
Ne5 Be6 29. Rab1 Rc3 30. Nxe4 Nxe4 31. Bxe4 Bxb3 32. Rd4 Bxa4 33. Rdxb4 Rxb4 34.
Rxb4 Be8 35. Rb8 Kf8 36. Ra8 Rc1+ 37. Kg2 Nb3 38. Bc6 Rxc6 39. Nxc6 Nc5 40. Ne5
f6 41. Nf3 Kf7 42. Nh4 Bc6+ 43. e4 Bxa8 44. f3 1-0